| 000 | 00477nam a22001817a 4500 | ||
|---|---|---|---|
| 003 | PILC | ||
| 005 | 20160129114023.0 | ||
| 008 | 121117t xxu||||| |||| 00| 0 eng d | ||
| 020 | _a0312952716 | ||
| 050 |
_aPS 3569.M5379759 _b.Sm642 1993 |
||
| 082 |
_aFIC _bSm6s 1993 |
||
| 100 |
_aSmith, Scott _919192 |
||
| 245 |
_aA simple plan _cSmith Scott |
||
| 260 |
_aNew York : _bAlfred A. Knopf, Inc, _cc1993. |
||
| 300 |
_a417 p. : _c17 cm. |
||
| 942 |
_2lcc _cBK |
||
| 999 |
_c11171 _d11171 |
||